000 00321nam a22001337a 4500
008 190227b xxu||||| |||| 00| 0 eng d
020 _a1133606830
041 _aeng
080 _a371
100 _a25
101 _aEDU
245 _aStrategies for Creating Success in College and in Life
_cDowning, S
942 _2udc
_cBK
999 _c54381
_d54381